Bienvenue à la Médiathèque de Saint-Andiol
banniere
Accueil Recherche avancée Mon compte
handi1 Rechercher dans le catalogue

Filtre   Mots-clés
  Recherche avancée
 
Lister les dernières nouveautés
 
Lister les livres GROS CARACTERES
 
Lister les périodiques (magazines)

handi1 Terminus Garabit

<< Retourner aux résultats de la recherche
Book Cover
Auteur principal : Sylvie Baron
Titre : Terminus Garabit
Support : Livres
Langue : Francais
Publié : 2019 Calmann-Lévy Paris
Genre : Roman
Collection : Territoires
Sujets :
Étiquettes :
Pas de tags
LEADER 00986nam0a2200205 450
001 16868186
010 |a 978-2-7021-6354-2  |b br.  |d 19,5 € 
100 |a 20190129d2019 u u0frey01 ba 
101 0 |a fre 
102 |a FR 
200 0 |a Terminus Garabit  |f Sylvie Baron 
207 1 |a   
210 |a Paris  |b 3 Rue Auber.  |c Calmann-Lévy  |d 2019 
215 |a 1 vol. (320 p.)  |d 23 x 15 cm 
225 1 |a Territoires  |x 2116-1259 
330 |a Marc demande sa mutation pour rejoindre le lycée de Saint-Flour, près de Garabit, le village au pied du viaduc où il passait autrefois ses vacances. Il y recherche ses amis d'enfance, Gloria et Pauline, qui vivaient avec leur père cheminot dans l'ancienne gare désaffectée, et Simon, le fils de l'épicier. Il apprend alors qu'un dramatique accident a laissé Gloria paralysée. 
700 0 |a Baron  |b Sylvie  |4 70 
900 |a Roman 
901 |a Adultes 
995 |a Médiathèque  |c Médiathèque  |f 00156012293700  |h 00156012293700  |k R BAR  |o p  |q a  |r az  |e MédiathèqueÂ